| 000 | 01090nam a22002537a 4500 | ||
|---|---|---|---|
| 005 | 20170124103159.0 | ||
| 010 | _aB-198069 | ||
| 020 |
_c200.00 _a8188118915 |
||
| 035 | _aB-198069 | ||
| 037 | _bCen Lib/Ret | ||
| 040 |
_aDPL _bHN |
||
| 082 |
_a220.21 _bसक्सेना |
||
| 100 |
_aसक्सेना, प्रवेश _990922 |
||
| 245 |
_aऋग्वेद युवाओं के लिए / _cप्रवेश सक्सेना |
||
| 246 |
_aRigved yuvaon ke liye / _bby Pravesh Saksena |
||
| 260 |
_aदिल्ली _bआर्य प्रकाशन मंडल _c2006 |
||
| 270 |
_aIX/221, सरस्वती भंडार, गांधीनगर _bदिल्ली _e110031 |
||
| 300 |
_a208पृ. _c20सेमी(सजिल्द) |
||
| 650 |
_aबाइबिल -- हिन्दू _990923 |
||
| 650 |
_aऋग्वेद --हिन्दू धर्म _990924 |
||
| 650 |
_aBible - Hindu _990925 |
||
| 650 |
_aRigveda --hindu religion _990926 |
||
| 942 |
_2ddc _cHN _h220.21 _mसक्सेना |
||
| 999 |
_c120535 _d120535 |
||